|
|
|
|
| LEADER |
00000nam a2200000 a 4500 |
| 001 |
vtls011544790 |
| 003 |
SK-MaSNL |
| 005 |
20260302091744.0 |
| 007 |
co cg auuua |
| 008 |
240318s2015 xo | fsp 000 0 slo |
| 015 |
|
|
|a SNBS2017
|
| 020 |
|
|
|a 9788056512272
|q (elektronická kniha)
|
| 040 |
|
|
|a SNK
|b slo
|c SNK
|e AACR2
|
| 041 |
0 |
|
|a slo
|a rom
|
| 044 |
|
|
|a xo
|c SK
|
| 072 |
|
7 |
|a 37.016
|x Učebné osnovy. Vyučovacie predmety. Učebnice
|2 konspekt
|
| 080 |
|
|
|a 37.016:001.101-028.31
|2 2011
|
| 080 |
|
|
|a 373.3
|2 2011
|
| 080 |
|
|
|a (07)
|2 2011
|
| 080 |
|
|
|a (076.1)
|2 2011
|
| 080 |
|
|
|a (0.034.44)
|2 2011
|
| 100 |
1 |
|
|a Jacková, Martina
|4 aut
|9 556175
|
| 245 |
1 |
0 |
|a Dromoro
|n IV. časť
|h elektronický zdroj
|c Jacková Martina
|
| 246 |
3 |
1 |
|a Dromoro
|n IV. kotor
|
| 260 |
|
|
|a Bratislava
|b Metodicko-pedagogické centrum
|c 2014
|
| 300 |
|
|
|a 1 elektronický optický disk (CD-ROM)
|b fareb.
|c 12 cm
|
| 500 |
|
|
|a Názov z titulnej obrazovky
|
| 516 |
|
|
|a Textový dokument (učebný zdroj), súbor vo formáte doc
|
| 536 |
|
|
|a Kód ITMS: 26130130051. Vzdelávaním pedagogických zamestnancov k inklúzii marginalizovaných rómskych komunít
|
| 538 |
|
|
|a Technické požiadavky: textový procesor
|
| 546 |
|
|
|a Text súbež. v róm.
|
| 650 |
0 |
7 |
|a prvouka
|2 SNKPH
|9 3651
|
| 650 |
0 |
7 |
|a základné školy
|2 SNKPH
|9 1280
|
| 650 |
0 |
7 |
|a Elementary school teaching
|2 SNKPHeng
|9 335841
|
| 650 |
0 |
7 |
|a Elementary schools
|2 SNKPHeng
|9 265049
|
| 655 |
|
7 |
|a elektronické zdroje
|2 SNKPH
|9 90954
|
| 655 |
|
7 |
|a CD-ROM
|2 SNKPH
|9 70236
|
| 655 |
|
7 |
|a učebné texty
|2 SNKPH
|9 70568
|
| 655 |
|
7 |
|a pracovné listy
|2 SNKPH
|9 70565
|
| 655 |
|
7 |
|a Electronic resources
|2 SNKPHeng
|9 175546
|
| 655 |
|
7 |
|a Educational texts
|2 SNKPHeng
|9 277375
|
| 655 |
|
7 |
|a Activity pages
|2 SNKPHeng
|9 303110
|
| 919 |
|
|
|a 978-80-565-1227-2
|
| 958 |
|
|
|a RQ
|
| 958 |
|
|
|a NM
|
| 999 |
|
|
|c 1202002
|d 1203932
|
| 952 |
|
|
|a SNK
|b SNK
|y PREZ
|7 0
|p 17A1184579
|o snkSCDM 8425
|i snk2016/9334
|8 0
|0 0
|1 0
|4 0
|d 2016-04-12
|l 0
|r 2026-02-24 22:45:41
|w 2026-02-24
|